Rubber planting technice at peam cheang rubber plantation, បច្ចេកដាំដុះកៅស៊ូនៅចំការកៅស៊ូពាមជាំង (Record no. 4455)

000 -LEADER
fixed length control field 00535nam a22001577a 4500
003 - CONTROL NUMBER IDENTIFIER
control field OSt
005 - DATE AND TIME OF LATEST TRANSACTION
control field 20151212160758.0
008 - FIXED-LENGTH DATA ELEMENTS--GENERAL INFORMATION
fixed length control field 151212b xxu||||| |||| 00| 0 eng d
040 ## - CATALOGING SOURCE
Transcribing agency RUA
082 ## - DEWEY DECIMAL CLASSIFICATION NUMBER
Classification number ATM.s HEN 2004 B213 Or.1
100 ## - MAIN ENTRY--PERSONAL NAME
9 (RLIN) 4780
Personal name HENG, VISAL.
245 ## - TITLE STATEMENT
Title Rubber planting technice at peam cheang rubber plantation, បច្ចេកដាំដុះកៅស៊ូនៅចំការកៅស៊ូពាមជាំង
260 ## - PUBLICATION, DISTRIBUTION, ETC. (IMPRINT)
Place of publication, distribution, etc. Phnom Penh
Name of publisher, distributor, etc. RUA
Date of publication, distribution, etc. 2004
300 ## - PHYSICAL DESCRIPTION
Extent vii; 44p.
Other physical details ill.
Dimensions 29cm.
942 ## - ADDED ENTRY ELEMENTS (KOHA)
Source of classification or shelving scheme
Koha item type ATM.s
Holdings
Price effective from Date last seen Permanent Location Not for loan Date acquired Source of classification or shelving scheme Koha item type Lost status Withdrawn status Date last checked out Total Checkouts Shelving location Damaged status Barcode Current Location Full call number
2015-12-122015-12-12Library Block B 2015-12-12 ATM.s    B213 RUA033644Library Block BATM.s HEN 2004 B213 Or.1
2015-12-122015-12-12Library Block B 2015-12-12 ATM.s    B213 RUA033940Library Block BATM.s HEN 2004 B213 Or.2
2015-12-122015-12-12Library Block B 2015-12-12 ATM.s    B213 RUA44241Library Block BATM.s HEN 2004 B213 Or.3
2015-12-122015-12-12Library Block B 2015-12-12 ATM.s    B213 RUA009628Library Block BATM.s HEN 2004 B213 Or.4
2015-12-122015-12-12Library Block B 2015-12-12 ATM.s    B213 RUA009341Library Block BATM.s HEN 2004 B213 Or.5
2015-12-122015-12-12Library Block B 2015-12-12 ATM.s    B213 RUA033658Library Block BATM.s HEN 2004 B213 Or.6
2015-12-122016-07-25Library Block B 2015-12-12 ATM.s  2016-07-061B213 RUA033590Library Block BATM.s HEN 2004 B213 Or.7
មជ្ឈមណ្ឌលឯការនៃសាកលវិទ្យាល័យភូមិន្ទកសិកម្មចំការដូង

Powered by Koha